Az egészség és a betegség lehetséges értelmezései Descartes-nál

Elmentve itt :
Bibliográfiai részletek
Szerző: Rembeczki Eszter
Dokumentumtípus: Cikk
Megjelent: ELTE Eötvös Kiadó 2012
Sorozat:ELPIS Az ELTE BTK Filozófia TDK és Filozófia SzHÉK folyóirata 6 No. 1
mtmt:3081171
Online Access:http://publicatio.bibl.u-szeged.hu/7992
LEADER 00689nab a2200181 i 4500
001 publ7992
005 20190918133109.0
008 160919s2012 hu o 0|| zxx d
022 |a 1788-8298 
024 7 |a 3081171  |2 mtmt 
040 |a SZTE Publicatio Repozitórium  |b hun 
041 |a zxx 
100 1 |a Rembeczki Eszter 
245 1 3 |a Az egészség és a betegség lehetséges értelmezései Descartes-nál  |h [elektronikus dokumentum] /  |c  Rembeczki Eszter 
260 |a ELTE Eötvös Kiadó  |c 2012 
300 |a 122-149 
490 0 |a ELPIS Az ELTE BTK Filozófia TDK és Filozófia SzHÉK folyóirata  |v 6 No. 1 
856 4 0 |u http://publicatio.bibl.u-szeged.hu/7992/26/elpis10_rembeczki_m.pdf  |z Dokumentum-elérés